| 000 | 01051nam0a22002771 4500 | ||
|---|---|---|---|
| 001 | RU\INFOCOMM_322\NLR\5000076391 | ||
| 005 | 20250613102453.0 | ||
| 035 | _a(NLR Aleph) 009444669 | ||
| 090 |
_a8367026 _c8367026 |
||
| 100 | _a20121127d1977 |||y0rusy50 ca | ||
| 101 | 0 | _afre | |
| 102 | _aRU | ||
| 105 | _ay z ||||| | ||
| 200 | 1 |
_aInfractions commises par imprudence, méthodes et moyens modernes de leur répression _eRapport général _fAssoc. intern. de droit pénal. Colloque intern. "Les infractions commises par imprudence, leur prévention et le traitement des délinquants", Moscou, les 19-24 déc. 1977 |
|
| 210 |
_a[M.] _d1977 |
||
| 215 |
_a24 с. _d20 см |
||
| 606 |
_aПреступность _xПредупреждение _xСъезды, совещания и т. п. _2nlr_sh1 |
||
| 620 | _aМосква | ||
| 686 |
_aХ628.Зя431 _2rubbk |
||
| 686 |
_aХ638.1я431 _2rubbk |
||
| 686 |
_aХ883я431 _2rubbk |
||
| 801 | 1 |
_aRU _bNLR _c20121127 |
|
| 801 | 0 |
_aRU _bINFOCOMM _gPSBO |
|
| 852 |
_aNLR _jП81 Д-4/3 |
||
| 942 | _cBOOK | ||
| 980 | _aNB | ||